Catalog

Record Details

Catalog Search



Hrajeme si s Filipem : zábavná cvičení pro děti od 4 do 7 let. 9, Kreslíme a luštíme  Cover Image Book Book

Hrajeme si s Filipem : zábavná cvičení pro děti od 4 do 7 let. 9, Kreslíme a luštíme / [ilustrace Angelika Penner ; z německého originálu ... přeložila Hana Vaňková]

Penner, Angelika (Illustrator).

Record details

  • ISBN: 80-7367-110-7
  • Physical Description: [40] l. : il. : 15 x 21 cm
  • Edition: Vyd. 1.
  • Publisher: Praha : Portál, 2006

Content descriptions

General Note:
Název z obálky
Subject: předškolní výchova
rozvoj myšlení
preschool education
development of thought
Genre: pracovní sešity
publikace pro děti
activity books
children's literature

Available copies

  • 1 of 1 copy available at Common Catalog SPOK.

Holds

  • 0 current holds with 1 total copy.
Show Only Available Copies
Location Call Number / Copy Notes Barcode Shelving Location Status Due Date
Jabok Library Ped-3.5.1.2/P 424480020442 Odborná literatura Available -

LDR 01669cam a2200445 a 4500
00117722
003CZ-PrJAB
00520200328092414.0
007ta
008060405s2006 xr a a 000 0 cze d
015 . ‡acnb001633123
020 . ‡a80-7367-110-7 ‡q(blok s vytrhávacími listy) : ‡cKč 99,00
035 . ‡a(CZ PrNK)nkc20051633123
035 . ‡a(OCoLC)85717320
040 . ‡aKLG001 ‡bcze ‡dBOA001 ‡dABA001
0411 . ‡acze ‡hger
072 7. ‡a373.2/.3 ‡xPředškolní a primární výchova a vzdělávání ‡2Konspekt ‡922
072 7. ‡a0/9-053.2 ‡xLiteratura pro děti a mládež (naučná) ‡2Konspekt ‡926
080 . ‡a373.2 ‡2MRF
080 . ‡a159.955 ‡2MRF
080 . ‡a(076.1) ‡2MRF
080 . ‡a(0.053.2) ‡2MRF
1001 . ‡aPenner, Angelika ‡7mzk2005278238 ‡4ill
24510. ‡aHrajeme si s Filipem : ‡bzábavná cvičení pro děti od 4 do 7 let. ‡n9, ‡pKreslíme a luštíme / ‡c[ilustrace Angelika Penner ; z německého originálu ... přeložila Hana Vaňková]
24630. ‡aKreslíme a luštíme
250 . ‡aVyd. 1.
260 . ‡aPraha : ‡bPortál, ‡c2006
300 . ‡a[40] l. : ‡bil. : ‡c15 x 21 cm
500 . ‡aNázev z obálky
65007. ‡apředškolní výchova ‡7ph124887 ‡2czenas
65007. ‡arozvoj myšlení ‡7ph135316 ‡2czenas
65009. ‡apreschool education ‡2eczenas
65009. ‡adevelopment of thought ‡2eczenas
655 7. ‡apracovní sešity ‡7fd133116 ‡2czenas
655 7. ‡apublikace pro děti ‡7fd133156 ‡2czenas
655 9. ‡aactivity books ‡2eczenas
655 9. ‡achildren's literature ‡2eczenas
7650 . ‡tVorschulspass mit Willi Wiesel, Sehen und Verstehen ‡9Česky
910 . ‡aABG312
901 . ‡a17722 ‡bCZ PrNK ‡c17722 ‡tbiblio

Additional Resources